| 000 | 04370nam0a2200433 4500 | ||
|---|---|---|---|
| 001 | RU\NLR\BIBL_A\012906408 | ||
| 005 | 20231114131648.0 | ||
| 010 |
_a978-5-7422-7660-9 _950 |
||
| 021 |
_aRU _bКН-П-22-055849 _9КН-П-22-4844 |
||
| 035 | _a(NLR Aleph) 012906408 | ||
| 035 | _a(RuMoRGB)011184606 | ||
| 090 |
_a12599266 _c12599266 |
||
| 100 | _a20221011d2022 u y0rusy50 ca | ||
| 101 | 0 |
_arus _deng |
|
| 102 | _aRU | ||
| 105 | _aa j 000zy | ||
| 181 | 0 |
_ai3 _baxxe |
|
| 182 | 0 | _an | |
| 200 | 1 |
_aЭлектромагнитные переходные процессы в электрических сетях 110-750 киловольт _dElectromagnetic transient processes in electrical networks of 110-750 kilovolt _eучебное пособие _eдля студентов, аспирантов и инженеров (специальность "Электроэнергетические системы и сети"), работников электроэнергетических сетей и систем, а также слушателей факультетов и институтов повышения квалификации по данной или родственной ей специальности _fА. С. Брилинский, Г. А. Евдокунин _gМинистерство науки и высшего образования Российской Федерации, Санкт-Петербургский политехнический университет Петра Великого, Институт энергетики, Высшая школа электроэнергетических систем _zeng |
|
| 203 |
_aТекст _bвизуальный _cнепосредственный |
||
| 210 |
_aСанкт-Петербург _cСанкт-Петербургский политехнический университет _d2022 |
||
| 215 |
_a132, [1] с. _cил. _d20 |
||
| 300 | _aАвт. также англ.: A. S. Brilinkskiy, G. A. Evdokunin | ||
| 320 | _aБиблиогр.: с. 130-133 (45 назв.) | ||
| 330 | _aВ учебном пособии сформулированы проблемы, связанные, как правило, с неблагоприятным протеканием в электрической системе электромагнитных переходных процессов, вызванных коммутационными операциями или короткими замыканиями, показаны упрощенное и точное математические описания их решения, проведены расчеты, проанализированы мероприятия для понимания сути явления и предложены способы их решения. Учебное пособие предназначено для студентов, аспирантов и инженеров (специальность "Электроэнергетические системы и сети"), работников электроэнергетических сетей и систем, а также слушателей факультетов и институтов повышения квалификации по данной или родственной ей специальности | ||
| 510 | 1 |
_6z11790 _aElectromagnetic transient processes in electrical networks of 110-750 kilovolt _zeng |
|
| 606 | 1 |
_aЭлектрические сети высокого напряжения _xПереходные процессы _jУчебные издания для высших учебных заведений _2nlr_sh1 _2nlr_sh2 _3RU\NLR\AUTH\661201658 |
|
| 675 |
_a621.311(075.8) _v4 |
||
| 686 |
_a31.279я73 _2rubbks |
||
| 686 | 1 | _aЗ279.1-016.22я73-1 | |
| 700 | 1 |
_aБрилинский _bА. С. _f1987- _gАндрей Станиславович _3RU\NLR\AUTH\770243940 |
|
| 701 | 1 |
_aЕвдокунин _bГ. А. _f1944- _gГеоргий Анатольевич _3RU\NLR\AUTH\770251216 |
|
| 790 | 1 |
_6z11 _aBrilinskij _bA. S. _f1987- _gAndrej Stanislavovič _3RU\NLR\AUTH\770251209 |
|
| 790 | 1 |
_6z11 _6z11510 _aEvdokunin _bG. A. _f1944- _gGeorgij Anatol'evič _3RU\NLR\AUTH\770251217 |
|
| 942 | _cBOOK | ||
| 980 | _aNB | ||